[Event "RUS-chT (Women)"]
[Site "Sochi"]
[Date "2015.05.06"]
[Round "6.1"]
[White "Sergeeva, Natalia"]
[Black "Voit, Daria"]
[Result "0-1"]
[WhiteElo "2079"]
[BlackElo "2339"]
[PlyCount "74"]
[EventDate "2015.05.01"]
[EventType "team-swiss"]
[EventRounds "7"]
[EventCountry "RUS"]
[SourceTitle "CBM 166 Extra"]
[Source "ChessBase"]
[SourceDate "2015.06.18"]
[SourceVersion "1"]
[SourceVersionDate "2015.06.18"]
[SourceQuality "1"]
[WhiteTeam "Krasnodar Kuban (W)"]
[BlackTeam "Belorechensk Univ (W)"]
[WhiteTeamCountry "RUS"]
[BlackTeamCountry "RUS"]

1. e4 c5 2. Nf3 d6 3. d4 cxd4 4. Nxd4 Nf6 5. Nc3 a6 6. f4 e5 7. Nf3 Nbd7 8. Bc4 Be7 9. a4 0-0 10. Qe2 Qc7 11. 0-0 exf4 12. Bxf4 Ne5 13. Bxe5 dxe5 14. Kh1 Be6 15. Bxe6 fxe6 16. Ng5 Qc6 17. Rf3 h6 18. Nh3 Rad8 19. Nf2 Bb4 20. h3 Rd4 21. Ng4 Nxg4 22. Rxf8+ Kxf8 23. Qxg4 Bxc3 24. Rf1+ Kg8 25. bxc3 Rxe4 26. Qg6 Rf4 27. Rd1 Rf8 28. Kh2 Kh8 29. a5 e4 30. Re1 Qxc3 31. Qxe4 Qxa5 32. Rb1 Qc7+ 33. Kh1 b5 34. Qe2 Rc8 35. Qxe6 Qxc2 36. Ra1 b4 37. Rxa6 Qc1+ 0-1

[Event "RUS-chT (Women)"]
[Site "Sochi"]
[Date "2015.05.05"]
[Round "5.1"]
[White "Sergeeva, Natalia"]
[Black "Ambartsumova, Karina"]
[Result "0-1"]
[WhiteElo "2079"]
[BlackElo "2346"]
[PlyCount "64"]
[EventDate "2015.05.01"]
[EventType "team-swiss"]
[EventRounds "7"]
[EventCountry "RUS"]
[SourceTitle "CBM 166 Extra"]
[Source "ChessBase"]
[SourceDate "2015.06.18"]
[SourceVersion "1"]
[SourceVersionDate "2015.06.18"]
[SourceQuality "1"]
[WhiteTeam "Krasnodar Kuban (W)"]
[BlackTeam "Kazan Ladya (W)"]
[WhiteTeamCountry "RUS"]
[BlackTeamCountry "RUS"]

1. e4 c5 2. Nf3 e6 3. d4 cxd4 4. Nxd4 Nc6 5. Be3 Qc7 6. Nc3 a6 7. f4 d6 8. Qf3 Bd7 9. 0-0-0 Nf6 10. h3 Rc8 11. Kb1 b5 12. Bd3 Be7 13. g4 g6 14. g5 Nh5 15. f5 Ne5 16. Qf2 b4 17. Nce2 Qb7 18. Nc1 a5 19. f6 Bd8 20. Nf3 Nxd3 21. cxd3 a4 22. Rd2 b3 23. a3 Ba5 24. Re2 e5 25. Nd2 Bb5 26. Ka1 0-0 27. Rd1 Rc2 28. Nf1 Rfc8 29. Ng3 Nxg3 30. Qxg3 Bc3 31. bxc3 b2+ 32. Kb1 bxc1Q+ 0-1

[Event "RUS-chT (Women)"]
[Site "Sochi"]
[Date "2015.05.04"]
[Round "4.5"]
[White "Travkina, Anastasia"]
[Black "Sergeeva, Natalia"]
[Result "1/2-1/2"]
[WhiteElo "2225"]
[BlackElo "2079"]
[PlyCount "81"]
[EventDate "2015.05.01"]
[EventType "team-swiss"]
[EventRounds "7"]
[EventCountry "RUS"]
[SourceTitle "CBM 166 Extra"]
[Source "ChessBase"]
[SourceDate "2015.06.18"]
[SourceVersion "1"]
[SourceVersionDate "2015.06.18"]
[SourceQuality "1"]
[WhiteTeam "Rostov Donchanka (W)"]
[BlackTeam "Krasnodar Kuban (W)"]
[WhiteTeamCountry "RUS"]
[BlackTeamCountry "RUS"]

1. e4 c6 2. d4 d5 3. Nd2 dxe4 4. Nxe4 Bf5 5. Ng3 Bg6 6. N1e2 Nf6 7. h4 h6 8. Nf4 Bh7 9. Bc4 e6 10. 0-0 Nd5 11. Bxd5 cxd5 12. Qh5 g6 13. Qe5 Rg8 14. c4 Nc6 15. Qe3 Ne7 16. b3 Qd7 17. Nd3 Nc6 18. Nc5 Bxc5 19. dxc5 g5 20. Nh5 Rg6 21. cxd5 Qxd5 22. Bb2 e5 23. Rad1 Qe6 24. Rd6 Qe7 25. Qf3 f5 26. Re1 Rxd6 27. cxd6 Qxd6 28. Ng7+ Kf8 29. Nxf5 Qf6 30. Nxh6 Qxf3 31. gxf3 gxh4 32. Ng4 Kf7 33. Rd1 Ke6 34. Re1 Rf8 35. Nxe5 Nxe5 36. Rxe5+ Kd7 37. Rh5 Bb1 38. Rxh4 Bxa2 39. Ra4 Bxb3 40. Rxa7 Kc6 41. Kg2 1/2-1/2

[Event "RUS-chT (Women)"]
[Site "Sochi"]
[Date "2015.05.02"]
[Round "2.4"]
[White "Iljushina, Olga"]
[Black "Sergeeva, Natalia"]
[Result "1-0"]
[WhiteElo "2300"]
[BlackElo "2079"]
[PlyCount "67"]
[EventDate "2015.05.01"]
[EventType "team-swiss"]
[EventRounds "7"]
[EventCountry "RUS"]
[SourceTitle "CBM 166 Extra"]
[Source "ChessBase"]
[SourceDate "2015.06.18"]
[SourceVersion "1"]
[SourceVersionDate "2015.06.18"]
[SourceQuality "1"]
[WhiteTeam "Grozny (W)"]
[BlackTeam "Krasnodar Kuban (W)"]
[WhiteTeamCountry "RUS"]
[BlackTeamCountry "RUS"]

1. e4 c6 2. d4 d5 3. exd5 cxd5 4. c4 Nf6 5. Nc3 g6 6. Qb3 Bg7 7. cxd5 0-0 8. Nf3 Nbd7 9. Be2 Nb6 10. 0-0 Nfxd5 11. Ne4 a5 12. Nc5 Qd6 13. Bd2 Ra7 14. Rfc1 Bf5 15. Bxa5 Rxa5 16. Nxb7 Qe6 17. Nxa5 Qxe2 18. Nc6 Qe6 19. a4 Bh6 20. Rc5 Be4 21. Nce5 f6 22. Rc6 Qf5 23. Nc4 Nxc4 24. Rxc4 Kg7 25. Rc5 Qd7 26. Re1 Bxf3 27. Qxf3 Nf4 28. Rc4 Kf7 29. b3 Rb8 30. a5 Qb5 31. Rc7 Nd5 32. Rc5 Qb4 33. Qxd5+ Kf8 34. Qe6 1-0

[Event "South FR-ch (Women)"]
[Site "Armavir"]
[Date "2015.03.??"]
[Round "6"]
[White "Sergeeva, Natalia"]
[Black "Sukhareva, Evgenia"]
[Result "1/2-1/2"]
[WhiteElo "2079"]
[BlackElo "2169"]
[PlyCount "84"]
[EventDate "2015.03.10"]
[EventType "swiss"]
[EventRounds "9"]
[EventCountry "RUS"]
[SourceTitle "EXT 2018"]
[Source "ChessBase"]
[SourceDate "2017.10.13"]
[SourceVersion "1"]
[SourceVersionDate "2017.10.13"]
[SourceQuality "1"]

1. e4 c5 2. Nf3 e6 3. d4 cxd4 4. Nxd4 a6 5. Be2 Nf6 6. Nc3 Qc7 7. 0-0 b5 8. Bf3 e5 9. Nf5 h6 10. Be3 g6 11. Ng3 Bb7 12. Qd2 d6 13. a4 bxa4 14. Nxa4 Nbd7 15. Ra3 h5 16. Rc3 Qd8 17. Rb3 Bc6 18. Nb6 Nxb6 19. Bxb6 Qd7 20. Qd3 Be7 21. Ra1 Bb7 22. Nf1 0-0 23. Ne3 Rfb8 24. Nd5 Nxd5 25. exd5 Bd8 26. Be3 Bc8 27. Raa3 Rxb3 28. Qxb3 Qc7 29. c3 Rb8 30. Qa2 Qb7 31. b3 Bb6 32. Qe2 Qc7 33. Bd2 Bb7 34. Ra4 Qe7 35. h4 Bd8 36. g3 Bc8 37. b4 Bb6 38. Bg5 Qd7 39. Ra3 Qh3 40. Be3 Bd8 41. Bg2 Qf5 42. Ra1 Bf6 1/2-1/2

[Event "South FR-ch (Women)"]
[Site "Armavir"]
[Date "2015.03.??"]
[Round "5"]
[White "Volobueva, Victoria"]
[Black "Sergeeva, Natalia"]
[Result "0-1"]
[WhiteElo "1697"]
[BlackElo "2079"]
[PlyCount "48"]
[EventDate "2015.03.10"]
[EventType "swiss"]
[EventRounds "9"]
[EventCountry "RUS"]
[SourceTitle "EXT 2018"]
[Source "ChessBase"]
[SourceDate "2017.10.13"]
[SourceVersion "1"]
[SourceVersionDate "2017.10.13"]
[SourceQuality "1"]

1. e4 c5 2. Nc3 Nc6 3. g3 d6 4. f4 g6 5. Bg2 Bg7 6. Nge2 e6 7. 0-0 Nge7 8. d3 0-0 9. Rb1 Bd7 10. Nb5 d5 11. exd5 exd5 12. c4 Bf5 13. cxd5 Nxd5 14. Be4 Bg4 15. Ra1 Rc8 16. Bf3 Bh3 17. Re1 Ndb4 18. Be4 f5 19. Qb3+ Kh8 20. Be3 fxe4 21. Bxc5 Nxd3 22. Rad1 Nxc5 23. Qc4 Qb6 24. Nd6 Nd3+ 0-1

[Event "Sochi Tseshkovsky Memorial op"]
[Site "Sochi"]
[Date "2014.09.22"]
[Round "6"]
[White "Rjabzev, Konstantin"]
[Black "Sergeeva, Natalia"]
[Result "1-0"]
[WhiteElo "2306"]
[BlackElo "2088"]
[PlyCount "91"]
[EventDate "2014.09.17"]
[EventType "swiss"]
[EventRounds "9"]
[EventCountry "RUS"]
[SourceTitle "CBM 162 Extra"]
[Source "ChessBase"]
[SourceDate "2014.10.17"]
[SourceVersion "1"]
[SourceVersionDate "2014.10.17"]
[SourceQuality "1"]

1. e4 c5 2. Nf3 d6 3. Bb5+ Nd7 4. d4 Ngf6 5. e5 Nd5 6. 0-0 a6 7. Bxd7+ Qxd7 8. c4 Nb6 9. dxc5 dxc5 10. Qb3 Qc6 11. Be3 Be6 12. Nbd2 h6 13. a4 g6 14. a5 Nd7 15. h4 Bg7 16. Bf4 0-0 17. Qe3 Kh7 18. b3 Rad8 19. Ne4 Bg4 20. Nh2 Be6 21. Nc3 Nb8 22. Rad1 Qc7 23. Ne4 Nd7 24. Nf6+ Kh8 25. Nxd7 Rxd7 26. Rxd7 Qxd7 27. Bxh6 Qc7 28. h5 Qxa5 29. Qg5 Kh7 30. hxg6+ Kg8 31. Bxg7 Kxg7 32. gxf7+ Kxf7 33. f4 Ke8 34. f5 Rg8 35. Qh5+ Bf7 36. Qf3 Rg5 37. e6 Bh5 38. Qxb7 Qd8 39. Qc6+ Kf8 40. Qxc5 Qd2 41. Qf2 Qxf2+ 42. Rxf2 Kg7 43. c5 Kf6 44. c6 Rg8 45. g4 Be8 46. Rc2 1-0